Essays on Shelley /

Bibliographic Details
Other Authors: Allott, Miriam
Format: Book
Language:English
Published: Totowa, N.J. : Barnes & Noble, 1982.
Series:Liverpool English texts and studies.
Subjects:

MARC

Tag First Indicator Second Indicator Subfields
LEADER 00000pam a2200000 a 4500
001 in00000092289
005 20150923132041.0
008 810731s1982 nju b 00100 eng
010 |a  81012885  
020 |a 0389201278 
035 |a (OCoLC)07738949 
035 |9 AAK7372AM 
039 0 |a 2  |b 3  |c 3  |d 3  |e 3 
040 |a DLC  |c DLC  |d TXA  |d UtOrBLW 
049 |a TXAM  |c [1443363] 
050 0 0 |a PR5438  |b  E8 1982 
082 0 |a 821/.7  |2 19 
245 0 0 |a Essays on Shelley /  |c edited by Miriam Allott. 
264 1 |a Totowa, N.J. :  |b Barnes & Noble,  |c 1982. 
300 |a xviii, 286 pages ;  |c 22 cm. 
336 |a text  |b txt  |2 rdacontent 
337 |a unmediated  |b n  |2 rdamedia 
338 |a volume  |b nc  |2 rdacarrier 
490 1 |a Liverpool English texts and studies 
500 |a Includes index. 
504 |a Bibliography: pages [279]-281. 
505 0 |a Attitudes to Shelley: the vagaries of a critical reputation / Miriam Allott -- Shelley's "Gothick" in St. Irvyne and after / David Seed -- The Shelleyan psycho-drama: "Julian and Maddalo" / Vincent Newey -- Speech and silence in The Cenci / Michael Worton -- Shelley's magnanimity / Kenneth Muir - - Shelley's "Letter to Maria Gisborne": tact and clutter / Ann Thompson -- Shelley's narratives and "The witch of Atlas" / Brian Nellist -- Transforming presence: poetic idealism in Prometheus unbound and Epipsychidion / Geoffrey Ward -- The transformation of discourse: Epipsychidion, Adonais, and some lyrics / Bernard Beatty -- The reworking of a literary genre: Shelley's "The triumph of life" / Miriam Allott. 
600 1 0 |a Shelley, Percy Bysshe,  |d 1792-1822  |x Criticism and interpretation. 
700 1 |a Allott, Miriam. 
830 0 |a Liverpool English texts and studies. 
999 |a MARS 
999 f f |s 0e18a08a-0cc3-3e64-9ae2-26f99ea9ef33  |i c6a19b86-54d6-3cc5-a39f-3ae4bbfea254  |t 0 
952 f f |p normal  |a Texas A&M University  |b College Station  |c Sterling C. Evans Library  |d Evans: Library Stacks  |t 0  |e PR5438 E8 1982  |h Library of Congress classification  |i unmediated -- volume  |m A14806006491 
998 f f |a PR5438 E8 1982  |t 0  |l Evans: Library Stacks